Joachim Stankalle látogatása
Elmentve itt :
| Dokumentumtípus: | Cikk |
|---|---|
| Megjelent: |
1985-06-12
|
| Sorozat: | Délmagyarország
75 No. 136 |
| Kulcsszavak: | külföldi politikusok látogatásai |
| Online Access: | http://dmarchiv.bibl.u-szeged.hu/112680 |
| LEADER | 00423nab a2200145 i 4500 | ||
|---|---|---|---|
| 001 | delm112680 | ||
| 005 | 20190911134826.0 | ||
| 008 | 190911s1985 hu o 0|| hun d | ||
| 040 | |a SZTE Délmagyarország Archívum |b hun | ||
| 041 | |a hun | ||
| 245 | 0 | 0 | |a Joachim Stankalle látogatása |h [elektronikus dokumentum] |
| 260 | |c 1985-06-12 | ||
| 300 | |a 2 | ||
| 490 | 0 | |a Délmagyarország |v 75 No. 136 | |
| 695 | |a külföldi politikusok látogatásai | ||